Etiología y manejo de la antracnosis en viveros de palma aceitera (Elaeis guineensis Jacq.)

Shranjeno v:
Bibliografske podrobnosti
Glavni avtor: Apuy Medrano, Mario
Format: Knjiga
Izdano: San José, C.R. 1997
Teme:
Oznake: Označite
Brez oznak, prvi označite!

MARC

LEADER 00000nam a2200000Ia 4500
003 008792
005 20221231144212.0
008 140114s1997 cr a m 000 ||s d
040 |c cru CEDI 
090 |a TFG 4072 
100 |a Apuy Medrano, Mario   |9 8398 
245 |a Etiología y manejo de la antracnosis en viveros de palma aceitera (Elaeis guineensis Jacq.) 
260 |c 1997  |a San José, C.R. 
300 |a  61 páginas : ilustraciones a color  
500 |a  Tesis (magister scientiae)--Universidad de Costa Rica. Comisión del Programa de Estudios de Posgrado en Ciencias Agrícolas y Recursos Naturales 
650 |x PALMA AFRICANA - ENFERMEDADES Y PLAGAS  |9 8399 
942 |c TFG 
999 |c 18372  |d 18372